Champions League Final Scorers - Statistics

General Stats
  • This quiz has been taken 1,470 times
    274 since last reset
  • The average score is 39 of 72
Answer Stats
Player Club Goals % Correct
Cristiano Ronaldo Manchester United, Real Madrid 4
100%
Lionel Messi FC Barcelona 2
94%
Gareth Bale Real Madrid 3
93%
Karim Benzema Real Madrid 1
90%
Neymar FC Barcelona 1
88%
Désiré Doué Paris Saint-Germain 2
83%
Vinícius Júnior Real Madrid 2
83%
Luis Suarez FC Barcelona 1
82%
Mario Mandzukic Bayern Munich, Juventus 2
81%
Mohamed Salah Liverpool 1
81%
Didier Drogba Chelsea 1
79%
Rodri Manchester City 1
78%
Sergio Ramos Real Madrid 2
76%
Kai Havertz Chelsea 1
75%
Kingsley Coman Bayern Munich 1
73%
Thomas Müller Bayern Munich 1
73%
Steven Gerrard Liverpool 1
72%
Diego Milito Inter Milan 2
70%
Filippo Inzaghi Milan AC 2
70%
Samuel Eto'o FC Barcelona 2
70%
Arjen Robben Bayern Munich 1
68%
Sadio Mané Liverpool 1
68%
Zinedine Zidane Real Madrid 1
67%
Khvicha Kvaratskhelia Paris Saint-Germain 1
66%
Raul Real Madrid 2
66%
David Villa FC Barcelona 1
65%
Achraf Hakimi Paris Saint-Germain 1
64%
Casemiro Real Madrid 1
63%
Dani Carvajal Real Madrid 1
63%
Paolo Maldini Milan AC 1
63%
Wayne Rooney Manchester United 1
63%
Xabi Alonso Liverpool 1
63%
Pedro FC Barcelona 1
62%
Divock Origi Liverpool 1
61%
Franck Lampard Chelsea 1
61%
Ivan Rakitic FC Barcelona 1
60%
Marco Asensio Real Madrid 1
60%
Diego Godin Atletico Madrid 1
58%
Marcelo Real Madrid 1
58%
Hernan Crespo Milan AC 2
56%
Ilkay Gündogan Borussia Dortmund 1
56%
Deco FC Porto 1
55%
Alvaro Morata Juventus 1
53%
Senny Mayulu Paris Saint-Germain 1
52%
Yannick Carrasco Atletico Madrid 1
48%
Alessandro Del Piero Juventus 1
45%
Ole Gunnar Solskjaer Manchester United 1
44%
Sol Campbell Arsenal 1
42%
Dirk Kuyt Liverpool 1
40%
Juliano Belletti FC Barcelona 1
38%
Vladimir Smicer Liverpool 1
38%
Patrick Kluivert Ajax Amsterdam 1
37%
Teddy Sheringham Manchester United 1
37%
Fernando Morientes Real Madrid 1
34%
Ronald Koeman FC Barcelona 1
33%
Lucio Bayer Leverkusen 1
27%
Frank Rijkaard Milan AC 1
25%
Stefan Effenberg Bayern Munich 1
23%
Steve McManaman Real Madrid 1
23%
Jari Litmanen Ajax Amsterdam 1
22%
Lars Ricken Borussia Dortmund 1
21%
Marcel Desailly Milan AC 1
21%
Gaizka Mendieta FC Valencia 1
20%
Basile Boli Olympique de Marseille 1
19%
Carlos Alberto FC Porto 1
19%
Predrag Mijatovic Real Madrid 1
19%
Daniele Massaro Milan AC 2
18%
Karl-Heinz Riedle Borussia Dortmund 2
17%
Mario Basler Bayern Munich 1
17%
Dejan Savicevic Milan AC 1
16%
Dmitri Alenichev FC Porto 1
16%
Fabrizio Ravanelli Juventus 1
13%
No matching quizzes found
Score Distribution
Percent of People with Each Score
Percentile by Number Answered
Your Score History
You have not taken this quiz since the last reset